000 00524cam a2200193 i 4500
999 _c68906
_d68903
003 PK-NaQUE
005 20250630122639.0
008 250630b ||||| |||| 00| 0 eng d
020 _a9788131201848
040 _cQUEST
082 0 4 _a523.12DOD
100 1 _aDodelson, Scott,
245 1 0 _aModern Cosmology /
300 _axvi, 440pages:
_billustrations (some color) ;
650 0 _aCosmology.
700 1 _aSchmidt, Fabian
856 _uhttp://10.10.170.122:8080/browse/book/27695
_yDownload eBook
942 _cBK
_2ddc